| 000 | 01236cam a22003615i 4500 | ||
|---|---|---|---|
| 999 |
_c28526 _d28497 |
||
| 001 | 15693428 | ||
| 003 | EG-ScBUE | ||
| 005 | 20200719172347.0 | ||
| 008 | 090409t20092009ne a f b 001 0 eng d | ||
| 020 | _a9780387890234 (hbk.) | ||
| 020 | _a0387890238 (hbk.) | ||
| 035 | _a(OCoLC)ocn554896917 | ||
| 040 |
_aVLB _beng _erda _cVLB _dAD# _dGW5XE _dDLC _dEG-ScBUE |
||
| 082 | 0 | 4 |
_a790.028567 _bHAN _222 |
| 245 | 0 | 0 |
_aHandbook of multimedia for digital entertainment and arts / _cBorko Furht, editor. |
| 264 | 1 |
_aDordrecht ; _aLondon : _bSpringer,. _c[2009] |
|
| 264 | 4 | _cc2009 | |
| 300 |
_axvi , 769 pages : _billustrations ; _c24 cm |
||
| 336 |
_atext _btxt _2rdacontent |
||
| 337 |
_aunmediated _bn _2rdamedia |
||
| 338 |
_avolume _bnc _2rdacarrier |
||
| 504 | _aIncludes bibliographical references and index. | ||
| 650 | 7 |
_aInteractive multimedia. _2BUEsh |
|
| 650 | 7 |
_aDigital media. _2BUEsh |
|
| 650 | 7 |
_aMultimedia systems. _2BUEsh |
|
| 650 | 7 |
_aHome entertainment systems _xTechnological innovations. _2BUEsh |
|
| 650 | 7 |
_aEntertainment computing. _2BUEsh |
|
| 650 | 7 |
_aArt and telecommunication. _2BUEsh |
|
| 653 |
_bCOMAME _cJuly2020 |
||
| 655 |
_vText book _933728 |
||
| 700 | 1 |
_aFurht, Borivoje, _eeditor. |
|
| 942 |
_2ddc _cBB |
||